LIBRARY & INFORMATION CENTRE, KCAET, TAVANUR

ONLINE PUBLIC ACCESS CATALOGUE (OPAC)

Towards new horizons (Record no. 11216)

MARC details
000 -LEADER
fixed length control field 00378cam a2200169ua 4500
041 ## - LANGUAGE CODE
Language code of text/sound track or separate title eng
082 ## - DEWEY DECIMAL CLASSIFICATION NUMBER
Classification number 320.58
Item number PYA/TO
100 ## - MAIN ENTRY--AUTHOR NAME
Personal name Pyrelal, .
245 ## - TITLE STATEMENT
Title Towards new horizons
260 ## - PUBLICATION, DISTRIBUTION, ETC. (IMPRINT)
Place of publication Ahamadabad :
Name of publisher Navajivan pub house ,
Year of publication 1959.
300 ## - PHYSICAL DESCRIPTION
Number of Pages 221 ; .
942 ## - ADDED ENTRY ELEMENTS (KOHA)
Koha item type Books
Holdings
Withdrawn status Lost status Damaged status Home library Current library Date acquired Full call number Accession Number Koha item type
Withdrawn     KAUAET Malayalam University 07/04/2012 320.58 2405 Books
free website counter